00708cam a22002531 4500001001300000003000400013005001700017008004100034010001700075035002000092040001800112042001200130050002100142100002400163245002700187260001000214300002700224500002800251500001700279504003100296650001300327700005900340700005500399sa 66001369 DLC20260227112221.0900212s1965 ii b 000 0 sano  asa 66001369  a(OCoLC)21054295 aDLCcWaUdDLC apremarc00aPK2931b.M3 19650 aMammaṭācārya.10aKāvyaprakāśaḥ. c1965. a16, 39, 798 p.c25 cm. aAdded t. p. in English. aIn Sanskrit. aBibliographical footnotes. 0aPoetics.1 aJhalakikar, Vamanacharya Ramabhatta.tBālabodhinī.1 aKarmarkar, R. D.q(Raghunath Damodar),d1893-1965.